The Wild mammals of Japan/ (Record no. 3000)
[ view plain ]
| 000 -LEADER | |
|---|---|
| fixed length control field | 00480cas a2200157 4500 |
| 008 - FIXED-LENGTH DATA ELEMENTS--GENERAL INFORMATION | |
| fixed length control field | 181004n eng u |
| 022 ## - INTERNATIONAL STANDARD SERIAL NUMBER | |
| International Standard Serial Number | 9784879746269 |
| 035 ## - SYSTEM CONTROL NUMBER | |
| System control number | (Sirsi) a208935 |
| 050 ## - LIBRARY OF CONGRESS CALL NUMBER | |
| Classification number | QL 729 WIL 2009 |
| 245 ## - TITLE STATEMENT | |
| Title | The Wild mammals of Japan/ |
| Statement of responsibility, etc. | edited by Satoshi D. Ohdachi [et...al] |
| 260 ## - PUBLICATION, DISTRIBUTION, ETC. | |
| Place of publication, distribution, etc. | Kyoto: |
| Name of publisher, distributor, etc. | Shoukadoh, |
| Date of publication, distribution, etc. | 2009 |
| 300 ## - PHYSICAL DESCRIPTION | |
| Extent | xix, 544p.: |
| Other physical details | ill. |
| 504 ## - BIBLIOGRAPHY, ETC. NOTE | |
| Bibliography, etc. note | Includes bibliographical references and index |
| 650 ## - SUBJECT ADDED ENTRY--TOPICAL TERM | |
| Topical term or geographic name entry element | Mammals---Japan |
| 700 ## - ADDED ENTRY--PERSONAL NAME | |
| Personal name | Ohdachi |
| Withdrawn status | Lost status | Source of classification or shelving scheme | Damaged status | Not for loan | Home library | Current library | Shelving location | Total Checkouts | Full call number | Barcode | Date last seen | Copy number | Price effective from | Koha item type |
|---|---|---|---|---|---|---|---|---|---|---|---|---|---|---|
| Library of Congress Classification | Vet Medicine Library | Vet Medicine Library | On Shelf | QL 729 WIL 2009 | 33729005305425 | 08/09/2019 | 1 | 08/09/2019 | Book |